LIBRARY & INFORMATION CENTRE, KCAET, TAVANUR

ONLINE PUBLIC ACCESS CATALOGUE (OPAC)

Foundry engineering / (Record no. 2288)

MARC details
000 -LEADER
fixed length control field 00426cam a2200181ua 4500
041 ## - LANGUAGE CODE
Language code of text/sound track or separate title eng
082 ## - DEWEY DECIMAL CLASSIFICATION NUMBER
Classification number 671.2
Item number SRI/FO
100 ## - MAIN ENTRY--AUTHOR NAME
Personal name Srinivasan, N.K .
245 ## - TITLE STATEMENT
Title Foundry engineering /
250 ## - EDITION STATEMENT
Edition statement 2 /
260 ## - PUBLICATION, DISTRIBUTION, ETC. (IMPRINT)
Place of publication :
Name of publisher Khanna publishers ,
Year of publication 1994.
300 ## - PHYSICAL DESCRIPTION
Number of Pages 219 ; .
942 ## - ADDED ENTRY ELEMENTS (KOHA)
Koha item type Books
Holdings
Withdrawn status Lost status Damaged status Home library Current library Date acquired Full call number Accession Number Koha item type
      KAUAET KAUAET 07/04/2012 671.2 18547 Books
free website counter